000 00216nam a2200097Ia 4500
008 120527s9999 xx 000 0 und d
100 _aFATUBARIN, Ayo
245 _aGenetics
260 _bHigher Education
942 _cBK
999 _c25290
_d25290